000
00340 a2200121 4500
001
ART_17876
005
20260410161701.0
008
260409a
245
1
0
_a
La financiación del gasto público
100
1
_a
Gaba, Ernesto
700
1
_a
Uriarte, José A.
773
0
_t
Ensayos Económicos
_g
- Nº 6 (jun. 1978)
_w
REV620
999
_c
15175
_d
15175